|
|
|
|
| LEADER |
00907nam a22002297a 4500 |
| 001 |
AAL2676 |
| 003 |
BD-DhAAL |
| 005 |
20160214185102.0 |
| 008 |
160214m19961984II a|||| |||| 00| 0 ben d |
| 020 |
|
|
|a 817079885X
|
| 040 |
|
|
|a BD-DhAAL
|c BD-DhAAL
|
| 082 |
|
|
|a 333.7
|
| 100 |
|
|
|a পাত্র, সুধাংশু
|9 17993
|
| 245 |
|
|
|a বিশ্ব পরিবেশ ও মানুষ /
|c সুধাংশু পাত্র
|
| 260 |
|
|
|a কলকাতা :
|b দে'জ পাবলিশিং,
|c ১৯৯৬.
|
| 300 |
|
|
|a ১২৭ পৃ. :
|b চিত্র ;
|c ২২ সে.মি.
|
| 541 |
|
|
|e 2676
|
| 650 |
|
|
|a Environment.
|9 17994
|
| 852 |
|
|
|a Savar Campus Library
|c General Stacks
|
| 942 |
|
|
|2 ddc
|c BK
|
| 999 |
|
|
|c 36859
|d 36859
|
| 952 |
|
|
|0 0
|1 0
|2 ddc
|4 0
|6 333_700000000000000_PAT
|7 0
|9 58018
|a SCL
|b SCL
|c GEN
|d 2016-02-14
|g 35.00
|l 1
|o 333.7 PAT
|p 3020002676
|r 2022-03-27
|s 2022-03-16
|t 1
|w 2016-02-14
|y BK
|